00535nam a22002177a 450000500170000001000110001702000070002803500110003503700160004604000120006208200130007410000230008724500420011024600060015226000430015827000120020130000190021349000290023250000190026165000370028020170124105915.0 a458068 c00 a458068 bCen Lib/Ret aDPLbEN a483bWHI aWhittaker, Kenneth aDictionaries /cby Kenneth Whittaker  b  basia Publishing House c1996 aBombay  bBombay  a88p.c20cm(Hb) aThe reader guide series  aincludes index aEnglish Language vDictionaries